00824 2200289 4500001002100000005001500021035002000036007000300056008004100059020002200100040001700122082001600139084001800155090002200173090002100195100002300216245008100239250002800320260003800348300003100386650003000417700002500447850001200472041000800484999002100492990002100513INLIS00000000084477620190717095115 a0010-0319000299ta190325r2018 yoi g 0 j ind d a978-602-5960-04-8 aYOPDYOGbind04223a808.301 a808.301 SUN i aDEP 808.301 SUN i aCB-D.11 2018-9560 aSunarto W. Samudro1 aIndigo mencari tuhan /cSunarto W. Samudro; penyunting, Haning Arum Sarasayu aCetakan I, Agustus 20183 aYogyakarta :bSamudra Biru,c2018 axiii, 179 halaman ;c20 cm 4aCerita pendek--xKumpulan0 aHaning Arum Sarasayu aYOPDYOG0 aind aCB-D.11/2018-956 aCB-D.11/2018-956